000 00673nam a22002177a 4500
003 UA-OsUOA
001 39527
007 ta
008 20060621b un ||||| |||| 00| 0 ukr d
100 _aКрекотень В.І.
090 _a801.61(091)(477)
_bК79
942 _cBK
040 _aUA-OsUOA
_cUA-OsUOA
_dUA-OsUOA
245 _aСтановлення поетичних норм в українській літературі ХУІІ ст.
300 _a69 с.
955 _a0
080 _a801.61(091)(477)
260 _aК.
_c1992
650 7 _a801 Просодія. Допоміжні науки та джерела філології
_2UDC
999 _c325667
_d325667